Basic health course for secondary schools of Kentucky. (Record no. 22088)

MARC details
000 -LEADER
fixed length control field 00797cam a22002411 4500
001 - CONTROL NUMBER
control field e 48000037
003 - CONTROL NUMBER IDENTIFIER
control field DLC
005 - DATE AND TIME OF LATEST TRANSACTION
control field 20260227111233.0
008 - FIXED-LENGTH DATA ELEMENTS--GENERAL INFORMATION
fixed length control field 880623s1948 kyu 000 0 eng
010 ## - LIBRARY OF CONGRESS CONTROL NUMBER
LC control number e 48000037
035 ## - SYSTEM CONTROL NUMBER
System control number (OCoLC)18127106
040 ## - CATALOGING SOURCE
Original cataloging agency DLC
Transcribing agency AU
Modifying agency OCoLC
-- DLC
042 ## - AUTHENTICATION CODE
Authentication code premarc
050 00 - LIBRARY OF CONGRESS CALL NUMBER
Classification number L152
Item number .B35 vol. 16, no. 3
100 1# - MAIN ENTRY--PERSONAL NAME
Personal name Hackensmith, Charles William,
Dates associated with a name 1906-
245 10 - TITLE STATEMENT
Title Basic health course for secondary schools of Kentucky.
260 ## - PUBLICATION, DISTRIBUTION, ETC.
Place of publication, distribution, etc. [Frankfort]
Name of publisher, distributor, etc. Dept. of Education
Date of publication, distribution, etc. [1948]
300 ## - PHYSICAL DESCRIPTION
Extent [131]-298 p.
Dimensions 23 cm.
490 1# - SERIES STATEMENT
Series statement Kentucky. Dept. of Education. Educational bulletin,
Volume/sequential designation v. 16, no. 3
504 ## - BIBLIOGRAPHY, ETC. NOTE
Bibliography, etc. note Bibliography: p. 294-298.
650 #0 - SUBJECT ADDED ENTRY--TOPICAL TERM
Topical term or geographic name entry element Health education
Geographic subdivision Kentucky.
830 #0 - SERIES ADDED ENTRY--UNIFORM TITLE
Uniform title Educational bulletin (Frankfort, Ky.) ;
Volume/sequential designation v. 16, no. 3.

No items available.

Powered by Koha